1701 1263 1869 1000 1360 1262 1728 1231 1039 1486 1152 1207 1059 1040 1230 1083 1958 1667 1804 1359 1464 1780 1525 1997 1428 1912 1097 1048 1659 1990 1456 1819 1420 1239 1153 1388 1219 1810 1178 1310 1289 1186 1339 1543 1323 1887 1605 1192 1191 1249 1030 1963 1805 1996 1579 1589 1526 1254 1010 1864 1329 1112 1455 1960 1738 1991 1847 1017 1726 1635 1318 1172 2000 1710 1224 1344 1323 1489 1762 1425 1658 1267 1369 1155 1297 1399 1013 1459 1999 1023 1743 1777 1824 1845 1714 1084 1686 1876 1637 BCNSPRNW ULIB Ver.6.0+V

เปลี่ยนเป็นภาษาไทย

Change to English
 แสดงรายละเอียดบรรณานุกรม
  กลับหน้าหลัก

Brief Record : Get Marc (ISO 2709) : E-mail record : QR code < ปิดหน้าต่าง
LEADER : 00000nam 2200000uu 4500
001    13399114405
003     ULIB
008    120328s||||||||th 000 0 tha d
020    ^a9780521682015
050  4 ^aPE116.M4 ^bG558p
100 0  ^aEric H. Glendinning and Ron Howard
245 00 ^aProfessional English in use/^cEric H. Glendinning and Ron Howard
260    ^aCambridge:^bCambridge university press,^c2007
300    ^a175 :^bill,^c27 cm
650  0 ^aEnglish^xUse
700 0  ^aRon Howard
945    ^p0^l0^i031500
945    ^p0^l0^i031501
945    ^p0^l0^i031502
945    ^p0^l0^i031503
945    ^p0^l0^i031504
945    ^p0^l0^i031505
945    ^p0^l0^i031506
945    ^p0^l0^i031507
945    ^p0^l0^i031508
945    ^p0^l0^i031509
995    ^aKesorn
999    ^aใช้งานได้ทุกระบบ
รายการนี้ยังไม่มีแท็ก
คุณยังไม่ได้ล็อกอิน คุณสามารถมีกิจกรรมร่วมกับเว็บไซต์ได้ แต่ต้องล็อกอินก่อน ::
  ล็อกอิน

รายการสื่อสารสนเทศ

ลำดับที่ ประเภท เลขเรียก/บาร์โค้ด สถานที่ สถานะ
- ไม่พบข้อมูล -

รายการใกล้เคียง
    ผู้แต่ง [Eric H. Glendinning and Ron Howard]

BibComment


ยังไม่เคยถูกคอมเมนท์

คอมเมนท์ทรัพยากรรายการนี้
  คอมเมนท์: Professional Eng..


 Copyright 2026. Bcnsprnw @Library